[Event "Quebec op"]
[Site "Montreal"]
[Date "1978.07.28"]
[Round "7"]
[White "Parusi, J."]
[Black "Zalys, Ignas"]
[Result "1-0"]
[WhiteElo "1732"]
[BlackElo "1860"]
[PlyCount "63"]
[EventDate "1978.07.22"]
[EventType "swiss"]
[EventRounds "9"]
[EventCountry "CAN"]
[SourceTitle "EXT 2022"]
[Source "ChessBase"]
[SourceDate "2021.10.06"]
[SourceVersion "1"]
[SourceVersionDate "2021.10.06"]
[SourceQuality "1"]

1. e4 c5 2. Nf3 d6 3. d4 cxd4 4. Nxd4 Nf6 5. Nc3 Nc6 6. Be2 e6 7. Be3 Be7 8. Qd2 Bd7 9. Ndb5 Qb8 10. 0-0-0 0-0 11. Nxd6 a6 12. Bb6 Bd8 13. Nc4 Bc7 14. g3 Rd8 15. f4 Be8 16. Qe3 Nd7 17. Bxc7 Qxc7 18. Nd6 Ne7 19. e5 b5 20. Nce4 Nd5 21. Qd2 N7b6 22. Qd4 Bc6 23. Bd3 f5 24. Nc5 Qe7 25. Rhg1 Nc8 26. Nxe6 Rxd6 27. exd6 Qxe6 28. Rge1 Qxd6 29. Bxf5 Ncb6 30. Qxb6 Qxf4+ 31. gxf4 Nxb6 32. Rd6 1-0